Представление документа в формате MARC21

Поле Инд. ПП Название Значение
Тип записи a
Библиографический уровень m
001 Контрольный номер RU/LIBMSTU/307108051
005 Дата корректировки 20171109152102.5
008 Кодируемые данные 090928|||||||||ru |||||||||||000|||rus||
020 a ISBN 978-5-406-00027-4
c Цена, тираж 200-00
040 b Код языка каталог. rus
041 0_ a Код языка текста rus
084 a Индекс другой классификации/Индекс ББК 65.261+65.261.7
090 a Полочн. индекс 65.26
x Авторский знак М 19
100 1_ a Автор Малиновская О. В.
245 10 a Заглавие Государственные и муниципальные финансы
b Продолж. заглавия учеб. пособие
260 a Место издания Москва
b Издательство КноРус
c Дата издания 2010
300 a Объем 427, [1] с.
504 a Библиография Библиогр.: с. 424-428
650 04 a Основная рубрика Государственные финансы-Учебные издания для высших учебных заведений
650 14 a Основная рубрика Муниципальные финансы-Учебные издания для высших учебных заведений
653 0_ a Ключевые слова Бюджетирование
a Ключевые слова Бюджетная система
a Ключевые слова Государственные финансы
a Ключевые слова Государственный долг
a Ключевые слова Доходы
a Ключевые слова Межбюджетные отношения
a Ключевые слова Муниципальные финансы
a Ключевые слова Расходы
700 12 a Другие авторы Скобелева И. П.
700 1_ a Другие авторы Бровкина А. В.
901 t Тип документа m
952 b Гриф литературы для ВШ Рекомендовано УМО по образованию в области финансов, учета и мировой экономики
c Вид литературы учебное пособие